Movies Quiz

Random Movies or Clickable Quiz
Score 0/15 Timer 05:00
10 Plays Today
% Correct
Lincoln
98.4%
Life of Pi
98%
The Hobbit: An Unexpected Journey
97.8%
Skyfall
96.9%
Snow White and the Huntsman
95.3%
Anna Karenina
95.1%
Silver Linings Playbook
94.4%
Flight
93.3%
% Correct
Zero Dark Thirty
91.2%
Les Misérables
90.6%
Argo
90.6%
Django Unchained
90.5%
The Master
83.6%
Beasts of the Southern Wild
79.4%
Amour
79.2%
Remove Ads.
Support Sporcle.
Get the best of Sporcle when you Go Orange. This ad-free experience offers more features, more stats, and more fun while also helping to support Sporcle. Thank you for becoming a member.

You're not logged in!

Compare scores with friends on all Sporcle quizzes.
OR
Log In

Sporcle TV

Today on Sporcle TV


Watch our educational content, quiz creation guides, and fun videos on Sporcle TV.

Show Comments

Extras

Top Quizzes Today


Score Distribution

Paid Content

Your Account Isn't Verified!

In order to create a playlist on Sporcle, you need to verify the email address you used during registration. Go to your Sporcle Settings to finish the process.

Report this User

Report this user for behavior that violates our Community Guidelines.

Details: